|
|
|
|
| LEADER |
00837nam a2200229 a 4500 |
| 001 |
4924172 |
| 008 |
090623s1996 maua b 001 0 eng d |
| 010 |
|
|
|a 95011202
|
| 020 |
|
|
|a 1557864934 (alk. paper)
|
| 020 |
|
|
|a 1557868298 (pbk. : alk. paper)
|
| 040 |
|
|
|a DLC
|c DLC
|d DLC
|
| 082 |
0 |
0 |
|a 658.8/48
|2 20
|
| 100 |
1 |
|
|a Lamont, Douglas F.
|
| 245 |
1 |
0 |
|a Global marketing /
|c Douglas Lamont.
|
| 260 |
|
|
|a Cambridge, Mass. :
|b Blackwell Business,
|c 1996.
|
| 300 |
|
|
|a xx, 597 p. :
|b ill. ;
|c 24 cm.
|
| 504 |
|
|
|a Includes bibliographical references and index.
|
| 541 |
1 |
|
|e 00011615
|
| 650 |
|
0 |
|a Export marketing.
|
| 852 |
4 |
|
|a Ayesha Abed Library
|j General Shelf.
|
| 999 |
|
|
|c 2053
|d 2053
|
| 952 |
|
|
|0 0
|1 0
|2 ddc
|4 0
|6 658_848000000000000_LAM
|7 0
|9 1888
|a BRACUL
|b BRACUL
|c GEN
|d 2009-07-07
|l 1
|o 658.848 LAM
|p 3010011615
|r 2022-06-13
|s 2022-06-11
|t 1
|w 2009-07-07
|y BK
|